| 000 | 01365cam a22003254a 4500 | ||
|---|---|---|---|
| 999 |
_c6884 _d6884 |
||
| 001 | 13380304 | ||
| 003 | OSt | ||
| 005 | 20210419120646.0 | ||
| 008 | 031022s2004 enka b 001 0 eng | ||
| 010 | _a 2003064192 | ||
| 020 | _a0521800498 (HB) | ||
| 020 | _a0521804841 (pbk.) | ||
| 040 |
_aDLC _cDDC _dDLC |
||
| 042 | _apcc | ||
| 050 | 0 | 0 |
_aQH541 _b.R393 2004 |
| 082 | 0 | 0 | _a577REI 2004 |
| 100 | 1 |
_aReiners, William A. _914120 |
|
| 245 | 1 | 0 |
_aTransport processes in nature : _bpropagation of ecological influences through environmental space / _cWilliam A. Reiners, Kenneth L. Driese. |
| 260 |
_aCambridge, UK ; _aNew York, NY, USA : _bCambridge University Press, _c2004. |
||
| 300 |
_axii, 302 p. : _bill. ; _c26 cm. + _e1 CD-ROM (4 3/4 in.) |
||
| 440 | 0 |
_aCambridge studies in landscape ecology _914121 |
|
| 504 | _aIncludes bibliographical references (p. 268-297) and index. | ||
| 650 | 0 |
_aEcology. _9544 |
|
| 700 | 1 |
_aDriese, Kenneth L. _914122 |
|
| 856 | 4 | 2 |
_3Publisher description _uhttp://www.loc.gov/catdir/description/cam041/2003064192.html |
| 856 | 4 | 1 |
_3Table of contents _uhttp://www.loc.gov/catdir/toc/cam041/2003064192.html |
| 906 |
_a7 _bcbc _corignew _d1 _eocip _f20 _gy-gencatlg |
||
| 942 |
_2ddc _cO_SHELF |
||